Statistics for Pablo Honey - Radiohead

Click here to take the quiz!

General Stats

  • This quiz has been taken 15 times
  • The average score is 9 of 12

Answer Stats

Answer% Correct
Creep
100%
Anyone Can Play Guitar
89%
How Do You?
89%
You
89%
Blow Out
78%
I Can't
78%
Stop Whispering
78%
Lurgee
67%
Ripcord
67%
Thinking About You
67%
Vegetable
67%
Prove Yourself
56%

Score Distribution

Percentile by Number Answered

Percent of People with Each Score

Your Score History

You have not taken this quiz